000
00294nam a2200109Ia 4500
008
171211s9999 xx 000 0 und d
245
_a
Durchstarten mit HTML5
245
_c
Mark Pilgrim
260
_c
2011
650
_x
Web Development
856
_u
http://down.ebook777.com/011/9783897215719.pdf
999
_c
350081
_d
350081